00626nam a22001937a 450000500170000001000150001702000270003203500140005903700130007308200100008610000240009624501140012026000340023427000740026830000260034270000240036870000170039270000230040920190613160755.0 aENG-125583 a9789385995668c2499.00 aEN-109115 bDBAD/PUB a333.9 aAbdeen Mustafa Omer aBIofules, solar energy and future perspectives/cby Abdeen Mustafa Omer, Murtaz Abid [and] M.M. Abid Ali Khan aNew DelhibLenin media c2019 a204,2nd floor, Durga Complex CSC. bMayur Vihar II, New Delhie110092 a380p.c24cm(Hb)bill. aAndeen Mustafa Omer aMurtaza Abid aM.M. Abid Ali Khan